Management of the acute abdomen /

Uložené v:
Podrobná bibliografia
Hlavný autor: Shepherd, John A. (Author)
Médium: Kniha
Jazyk:English
Vydané: Oxford ; New York ; Toronto : Oxford University Press, 1982.
Fyzický popis: 366 strán.
Tagy: Pridať tag
Žiadne tagy, Buďte prvý kto otaguje tento záznam!

MARC

LEADER 00000nam a22000002i 4500
001 000635382
005 20200427112557.0
008 200427s1982 xxk e 000 0 eng d
020 |c Kčs 950,00  |q (viazané) 
040 |a SVKKK  |b slo  |c SVKKK  |e rda 
100 1 |a Shepherd, John A.  |4 aut 
245 1 0 |a Management of the acute abdomen /  |c by John A. Shepherd. 
264 1 |a Oxford ;  |a New York ;  |a Toronto :  |b Oxford University Press,  |c 1982. 
300 |a 366 strán. 
336 |a text  |b txt  |2 rdacontent 
337 |a bez média  |b n  |2 rdamedia 
338 |a zväzok  |b nc  |2 rdacarrier 
500 |a Záznam revízie 
910 |a svkkk 
998 |a BK 
090 |g SCKHL  |k Sklad Pribinova 2. posch.  |a III.123570  |j 676304  |i 2720442587  |s Absenčne